007210000a220013300045001000026000002450052000263000050000785000016001285200283001447730045004279420008004729520090004809990017005701 aZapata León, Sergio10aSostiene Palacios : Retrato de Arnoldo Palacios aVol.0, núm.9 (Junio, 2006), Páginas 16-17 aPeriodista. aCada tanto, el escritor Arnoldo Palacios deja Francia para pasar una breve temporada en Colombia. Su novela Las estrellas son negras, publicada después del Bogotazo, en 1949, y reeditada por el Ministerio de Cultura, es una de las grandes olvidadas de la literatura nacional.0 tArcadia / Andrés Felipe Solano, Editor cANA 001040708HEMaFUSBCbFUSBCd2016-01-26l0o r2016-01-26 00:00:00w2016-01-26yANA c61786d61786